Oceanic Countries in Order of Size - Statistics

General Stats
  • This quiz has been taken 20 times
  • The average score is 7 of 14
Answer Stats
Answer % Correct
1 Australia
100%
3 New Zealand
100%
2 Papua New Guinea
100%
5 Fiji
71%
4 Solomon Islands
71%
14 Nauru
41%
13 Tuvalu
35%
6 Vanuatu
35%
8 Kiribati
29%
7 Samoa
29%
10 F.S. Micronesia
12%
11 Palau
12%
9 Tonga
12%
12 Marshall Islands
6%
No matching quizzes found
Score Distribution
Percent of People with Each Score
Percentile by Number Answered
Your Score History
You have not taken this quiz